000 01132nam a2200217Ia 4500
003 Ost
005 20260507075728.0
008 260507s9999||||xx |||||||||||||| ||und||
040 _cfsecg
041 _aara
082 _a338.6048
100 _aالماحي، حسين
_eمؤلف
245 0 _aتنظيم المنافسة /
_c حسين الماحي
260 _aالقاهرة:
_bدار النهضة,
_c2003
300 _a98 صفحة؛
_c24 سم
504 _aبيبليوغرافيا : ص. 82
520 _aفي هذا الكتاب تحديد السوق التنافسية ، السوق النوعية ، السوق الجغرافية القواعد ضبط السوق التنافسية ، الاتفاقات أو الممارسات الضارة بقواعد تحديد الاسعار ،لاتفاقات أو الممارسات الضارة بقواعد الدحول أو البقاء في السوق التنافسية ، الاتفاقات أو الممارسات الضارة ، الاتفاقات أو الممارسات الصارة
653 _aالأسواق
653 _aالمنافسة
942 _cكتاب
999 _c46004
_d46004